PILC journal of Dravidic studies : (Record no. 38392)
[ view plain ]
| 000 -LEADER | |
|---|---|
| fixed length control field | 01315nam a22003857a 4500 |
| 001 - CONTROL NUMBER | |
| control field | 11444943 |
| 005 - DATE AND TIME OF LATEST TRANSACTION | |
| control field | 20100731121633.0 |
| 006 - FIXED-LENGTH DATA ELEMENTS--ADDITIONAL MATERIAL CHARACTERISTICS--GENERAL INFORMATION | |
| fixed length control field | a|||||r|||||00| 0 |
| 007 - PHYSICAL DESCRIPTION FIXED FIELD--GENERAL INFORMATION | |
| fixed length control field | ta |
| 008 - FIXED-LENGTH DATA ELEMENTS--GENERAL INFORMATION | |
| fixed length control field | 950103c19909999ii fr p 0 0eng c |
| 010 ## - LIBRARY OF CONGRESS CONTROL NUMBER | |
| LC control number | 94902267 |
| Canceled/invalid LC control number | sn 95021355 |
| 022 ## - INTERNATIONAL STANDARD SERIAL NUMBER | |
| International Standard Serial Number | 0971-0957 |
| 035 ## - SYSTEM CONTROL NUMBER | |
| System control number | (OCoLC)ocm31758228 |
| 040 ## - CATALOGING SOURCE | |
| Original cataloging agency | ICRL |
| Transcribing agency | ICRL |
| Modifying agency | DLC |
| -- | OCoLC |
| 042 ## - AUTHENTICATION CODE | |
| Authentication code | pcc |
| 050 00 - LIBRARY OF CONGRESS CALL NUMBER | |
| Classification number | PL4601 |
| Item number | .P55 |
| 082 #4 - DEWEY DECIMAL CLASSIFICATION NUMBER | |
| Classification number | 494.805 |
| 245 00 - TITLE STATEMENT | |
| Title | PILC journal of Dravidic studies : |
| Remainder of title | PJDS. |
| 246 30 - VARYING FORM OF TITLE | |
| Title proper/short title | PJDS |
| 260 ## - PUBLICATION, DISTRIBUTION, ETC. (IMPRINT) | |
| Place of publication, distribution, etc | Pondicherry, India : |
| Name of publisher, distributor, etc | Pondicherry Institute of Linguistics and Culture |
| 300 ## - PHYSICAL DESCRIPTION | |
| Extent | v. ; |
| Dimensions | 24 cm. |
| 310 ## - CURRENT PUBLICATION FREQUENCY | |
| Current publication frequency | Semiannual |
| 362 1# - DATES OF PUBLICATION AND/OR SEQUENTIAL DESIGNATION | |
| Dates of publication and/or sequential designation | Began in 1990. |
| 500 ## - GENERAL NOTE | |
| General note | Description based on: Vol. 3, 1 (Jan. 1993); title from cover. |
| 590 ## - LOCAL NOTE (RLIN) | |
| Local note | SERBIB/SERLOC merged record |
| 650 #0 - SUBJECT ADDED ENTRY--TOPICAL TERM | |
| Topical term or geographic name as entry element | Dravidian languages |
| Form subdivision | Periodicals. |
| 9 (RLIN) | 3095 |
| 650 #0 - SUBJECT ADDED ENTRY--TOPICAL TERM | |
| Topical term or geographic name as entry element | Dravidian philology |
| Form subdivision | Periodicals. |
| 9 (RLIN) | 3096 |
| 650 #0 - SUBJECT ADDED ENTRY--TOPICAL TERM | |
| Topical term or geographic name as entry element | Dravidians |
| Form subdivision | Periodicals. |
| 9 (RLIN) | 3097 |
| 710 2# - ADDED ENTRY--CORPORATE NAME | |
| Corporate name or jurisdiction name as entry element | Pondicherry Institute of Linguistics and Culture. |
| 9 (RLIN) | 3098 |
| 906 ## - LOCAL DATA ELEMENT F, LDF (RLIN) | |
| a | 7 |
| b | cbc |
| c | serials |
| d | u |
| e | ncip |
| f | 19 |
| g | n-oclcserc |
| 942 ## - ADDED ENTRY ELEMENTS (KOHA) | |
| Source of classification or shelving scheme | Dewey Decimal Classification |
| Item type | Periodicals |
| Classification part | 494.805 |
| Call number suffix | PIL |
| Serial record | 1 |
| Withdrawn status | Lost status | Source of classification or shelving scheme | Damaged status | Not for loan | Home library | Current library | Date acquired | Total Checkouts | Full call number | Date last seen | Copy number | Price effective from | Koha item type |
|---|---|---|---|---|---|---|---|---|---|---|---|---|---|
| Dewey Decimal Classification | Not For Loan | D.B.Act.Division | D.B.Act.Division | 31/07/2010 | 494.805 PIL | 31/07/2010 | 1 | 31/07/2010 | Periodicals |
